Геофизические методы при разведке недр: монография
| Autor corporatiu: | |
|---|---|
| Altres autors: | , |
| Sumari: | Заглавие с титульного экрана В монографии приведены научные труды сотрудников, аспирантов, соискателей и выпускников кафедры геофизики Института природных ресурсов ТПУ, а также труды участников Всероссийской научно-практической конференции "Геофизические методы при изучении недр" (20-22 апреля 2011 г., Томск). Результаты исследований представлены оригинальными методами, которые применяются для решения задач региональной геологии, рудной и нефтегазовой геологии, гидрогеологических и инженерно-геологических задач. Монография может быть полезна широкому кругу специалистов и научных работников, занимающихся разработкой и применением геофизических методов разведки недр. Режим доступа: из корпоративной сети ТПУ |
| Idioma: | rus |
| Publicat: |
Томск, Изд-во ТПУ, 2011
|
| Matèries: | |
| Accés en línia: | http://www.lib.tpu.ru/fulltext2/m/2012/m39.pdf |
| Format: | MixedMaterials Electrònic Llibre |
| KOHA link: | https://koha.lib.tpu.ru/cgi-bin/koha/opac-detail.pl?biblionumber=209525 |
MARC
| LEADER | 00000nlm0a2200000 4500 | ||
|---|---|---|---|
| 001 | 209525 | ||
| 005 | 20231101225540.0 | ||
| 035 | |a (RuTPU)RU\TPU\book\228859 | ||
| 090 | |a 209525 | ||
| 100 | |a 20120213d2011 k y0rusy50 ca | ||
| 101 | 0 | |a rus | |
| 102 | |a RU | ||
| 105 | |a a z 001zy | ||
| 135 | |a drcn ---uucaa | ||
| 181 | 0 | |a i | |
| 182 | 0 | |a b | |
| 200 | 1 | |a Геофизические методы при разведке недр |b Электронный ресурс |e монография |f Национальный исследовательский Томский политехнический университет (ТПУ) ; под ред. Л. Я. Ерофеева, В. И. Исаева | |
| 203 | |a Текст |c электронный | ||
| 210 | |a Томск |c Изд-во ТПУ |d 2011 | ||
| 230 | |a 1 компьютерный файл (pdf; 12.1 MB) | ||
| 300 | |a Заглавие с титульного экрана | ||
| 330 | |a В монографии приведены научные труды сотрудников, аспирантов, соискателей и выпускников кафедры геофизики Института природных ресурсов ТПУ, а также труды участников Всероссийской научно-практической конференции "Геофизические методы при изучении недр" (20-22 апреля 2011 г., Томск). Результаты исследований представлены оригинальными методами, которые применяются для решения задач региональной геологии, рудной и нефтегазовой геологии, гидрогеологических и инженерно-геологических задач. Монография может быть полезна широкому кругу специалистов и научных работников, занимающихся разработкой и применением геофизических методов разведки недр. | ||
| 333 | |a Режим доступа: из корпоративной сети ТПУ | ||
| 337 | |a Adobe Reader | ||
| 606 | 1 | |a Геофизическая разведка |2 stltpush |3 (RuTPU)RU\TPU\subj\6259 |9 34187 | |
| 610 | 1 | |a электронный ресурс | |
| 610 | 1 | |a труды учёных ТПУ | |
| 610 | 1 | |a монографии | |
| 610 | 1 | |a геофизические методы | |
| 610 | 1 | |a разведка | |
| 610 | 1 | |a недра | |
| 610 | 1 | |a изучение | |
| 610 | 1 | |a региональные исследования | |
| 610 | 1 | |a методы | |
| 610 | 1 | |a рудная геофизика | |
| 610 | 1 | |a рудная геология | |
| 610 | 1 | |a нефтегазовая геофизика | |
| 610 | 1 | |a нефтегазовая геология | |
| 610 | 1 | |a гидрогеологические исследования | |
| 610 | 1 | |a инженерно-геологические исследования | |
| 610 | 1 | |a геоэкологические исследования | |
| 675 | |a 550.83 |v 3 | ||
| 702 | 1 | |a Ерофеев |b Л. Я. |c геолог, геофизик |c профессор Томского политехнического университета, доктор геолого-минералогических наук |f 1935- |g Леонид Яковлевич |2 stltpush |3 (RuTPU)RU\TPU\pers\15850 |4 340 | |
| 702 | 1 | |a Исаев |b В. И. |c российский геолог |c профессор Томского политехнического университета, доктор геолого-минералогических наук |f 1952- |g Валерий Иванович |2 stltpush |3 (RuTPU)RU\TPU\pers\24786 |4 340 | |
| 712 | 0 | 2 | |a Национальный исследовательский Томский политехнический университет (ТПУ) |c (2009- ) |2 stltpush |3 (RuTPU)RU\TPU\col\15902 |
| 801 | 1 | |a RU |b 63413507 |c 20120213 | |
| 801 | 2 | |a RU |b 63413507 |c 20150604 |g RCR | |
| 856 | 4 | |u http://www.lib.tpu.ru/fulltext2/m/2012/m39.pdf | |
| 942 | |c CF | ||